000 02795cam a2200361 4500500
005 20251228073554.0
041 _afre
042 _adc
100 1 0 _aKaltenbeck, Franz
_eauthor
245 0 0 _aÀ quoi ça sert de jouer ?
260 _c2015.
500 _a51
520 _aÀ travers ses jeux, l’enfant fait parler son inconscient, dit son rapport au langage et commence à construire son fantasme. Voilà pourquoi les psychanalystes se sont très tôt intéressés aux jeux d’enfant. À les suivre, on se demandera si le jeu d’enfant n’a pas aussi la fonction de répondre au symptôme pour chercher le désir refoulé – désir nécessaire à la défense qui permettrait d’apprivoiser les contingences du monde. Le jeu peut avoir la vertu de prévenir contre de mauvaises rencontres ou encore de fournir un scénario pour expérimenter l’identité sexuelle opposée au sexe anatomique du sujet (quand par exemple une fille, meneuse d’une bande, « fait le garçon »). Mais force est aussi d’observer que le jeu n’aide pas toujours le sujet et peut même annoncer un symptôme invalidant, faisant place à des actes contraignants dans le cadre d’un toc ou encore à des systèmes de croyances qui évolueront vers des superstitions troublantes.
520 _aIs playing of any use ?Through his games the child expresses his unconscious, tells his relation to the world and begins to elaborate his fantasy. This is the reason why psychoanalysts took an early interest in childish games. In their wake, we shall ask if the game of the child does not also perform a function in meeting the symptom to seek for the repressed desire – a desire which is necessary to build up a defence allowing him to tame the contingencies of the world. Playing can act to forestall unpleasant encounters or to provide a script to experience a sexual identity as opposed to the anatomic sex of the subject (as, for example, when a girl acts as a tom boy). Nevertheless, we must admit that playing does not systematically help the subject and can even announce a disabling symptom, leading to ocd or to systems of beliefs which evolve into disturbing superstitions.
690 _acontingence
690 _adéfense
690 _ainconscient
690 _ajeu
690 _arecherche du désir
690 _asuperstition
690 _asymptôme
690 _atoc
690 _acontingencies
690 _adefence
690 _agame
690 _ain search of desire
690 _aocd
690 _asuperstition
690 _asymptom
690 _aunconscious
786 0 _nSavoirs et clinique | 18 | 1 | 2015-03-06 | p. 13-22 | 1634-3298
856 4 1 _uhttps://shs.cairn.info/revue-savoirs-et-cliniques-2015-1-page-13?lang=fr&redirect-ssocas=7080
999 _c1595459
_d1595459